Our Political system (Record no. 6836)
[ view plain ]
| 000 -LEADER | |
|---|---|
| fixed length control field | 00220nam a22000857a 4500 |
| 008 - FIXED-LENGTH DATA ELEMENTS--GENERAL INFORMATION | |
| fixed length control field | 170616b xxu||||| |||| 00| 0 eng d |
| 100 ## - MAIN ENTRY--PERSONAL NAME | |
| 9 (RLIN) | 3462 |
| Personal name | Kashyap. S. C |
| 245 ## - TITLE STATEMENT | |
| Title | Our Political system |
| 260 ## - PUBLICATION, DISTRIBUTION, ETC. (IMPRINT) | |
| Place of publication, distribution, etc. | New Delhi |
| Name of publisher, distributor, etc. | N. B. T |
| Date of publication, distribution, etc. | 2009 |
| Withdrawn status | Lost status | Source of classification or shelving scheme | Damaged status | Koha normalized classification for sorting | Not for loan | Home library | Current library | Shelving location | Date acquired | Total Checkouts | Full call number | Barcode | Date last seen | Date last checked out | Price effective from | Koha item type |
|---|---|---|---|---|---|---|---|---|---|---|---|---|---|---|---|---|
| Dewey Decimal Classification | KAS_324_000000000000000_B2 | Good Samaritan School Library | Good Samaritan School Library | POLITICAL SCIENCE | 06/16/2017 | 2 | KAS324 B-2 | KAS7914 | 01/18/2022 | 11/26/2021 | 06/16/2017 | BOOK |